00340nam a2200145Ia 4500008004100000020001500041041001200056082001100068100001800079245004000097250000800137260003300145300000800178650000800186221030s9999 xx 000 0 und d a8174092153 aEnglish a105.23 aP. S. Bimbhra 0aPower Electronicscby P. S. Bimbhra a4th bKhanna Pub.aNew Delhic2011 a775 aECE